|
|
|
|
| LEADER |
01214nam a2200385 a 4500 |
| 001 |
000765580 |
| 003 |
CZ BrMZK |
| 005 |
20090527154852.0 |
| 007 |
ta |
| 008 |
050304s2004 xr erf 000 0 czeoc |
| 015 |
|
|
|a cnb001413495
|
| 020 |
|
|
|a 80-7336-143-4
|q (brož.)
|
| 035 |
|
|
|a (OCoLC)85117211
|
| 040 |
|
|
|a OLA001
|b cze
|d ABA001
|d BOA001
|
| 041 |
1 |
|
|a cze
|h ger
|
| 072 |
|
7 |
|a 159.96
|x Zvláštní duševní stavy a procesy
|2 Konspekt
|9 17
|
| 080 |
|
|
|a 159.96
|2 MRF
|
| 080 |
|
|
|a 577.337
|2 MRF
|
| 080 |
|
|
|a (0.062)
|2 MRF
|
| 100 |
1 |
|
|a Oetinger, Manuela
|7 mzk2005272928
|4 aut
|
| 245 |
1 |
0 |
|a Aura :
|b brána k duši /
|c Manuela Oetinger
|
| 246 |
1 |
4 |
|a Jak vyčistit auru
|
| 246 |
1 |
8 |
|a Aura - brána k duši
|
| 250 |
|
|
|a Vyd. 1.
|
| 260 |
|
|
|a [Olomouc] :
|b Fontána,
|c 2004
|
| 300 |
|
|
|a 195 s. ;
|c 20 cm
|
| 500 |
|
|
|a Překlad z němčiny
|
| 500 |
|
|
|a 1500 výt.
|
| 650 |
0 |
7 |
|a aura
|7 ph118673
|2 czenas
|
| 650 |
0 |
7 |
|a energetický systém člověka
|7 ph137672
|2 czenas
|
| 655 |
|
7 |
|a populárně-naučné publikace
|7 fd131864
|2 czenas
|
| 910 |
|
|
|a BOA001
|b 2-1148.176
|
| 990 |
|
|
|a BK
|
| 991 |
|
|
|b 200503
|c NOV
|
| 996 |
6 |
|
|b 2610243353
|c 2-1148.176
|l MZK
|r Sklad / do 1 hodiny
|n 1
|p p.v.
|w 000765580
|u 000010
|a 1
|e BOA001
|j MZK50
|s P
|